Statistics for Nintendo Switch Quiz

Click here to take the quiz!

General Stats

  • This quiz has been taken 33 times
    (31 since last reset)
  • The average score is 4 of 15

Answer Stats

HintAnswer% Correct
WHAT IS THE NAME OF MARIO's CAP FRIEND IN ODYSSEY?CAPPY
92%
TRUE OR FALSE : FORTNITE WAS REALAST ON THE SWITCH IN JUNE 2018TRUE
92%
THE COLOR OF THE EYES OF MARIOS CAP FRIEND?RED
71%
WHO AM I: FIRST NINTENDO SWITCH GAME AND GAME OF THE YEAR 2017THE LEGEND OF ZELDA BREATH OF THE WILD
50%
CONTINUE THE GAME NAME: 1 2...SWITCH
42%
IN WHAT GAME YOU PUNCH THE MOST?ARMS
33%
NINTENDO SWITCH WAS REALEAST IN.... {EXACT DATE WITH DAY OF THE WEEK}?MARCH 3RD TUSEDAY 2017
8%
WHEN WAS SUPER MARIO ODYSSEY RELEAST?[DATE DAY MONTH YEAR]OCTOBER 27 FRIDAY 2017
0%
TRUE OR FALSE: NEW DONK CITY IS A REFRENCE OF TORONTOFALSE [NEW YORK CITY]
0%
WHEN WAS NINTENDO LABO REALEAST [ONCE AGAIN DATE DAY YEAR AND MONTH]?APRIL 20 FRIDAY 2018
0%
WITCH IS THE BIGEST TOY CON OF NINTENDO LABO?ROBOT FROM THE ROBOT KIT
0%
WHAT IS FORTNITE ALL ABOUT?FORTS AND GUNS
0%
WHAT ARE THE TWO SPECIAL THINGS TO THE SWITCH?PORTABILITY AND HOME CONSOLE
0%
WHAT IS THE TWO MAIN JOY CON COLORS ON THE SWITCHBLUE -RED AND GREY-GREY
0%
WHO WAS THE FIRST PERSON TO GET A SWITCH?ALEX CAPTAIN NINTENDO DUDE [ALSO KNOWN AS CND ON YOUTUBE]
0%

Score Distribution

Percentile by Number Answered

Percent of People with Each Score

Your Score History

You have not taken this quiz since the last reset